|
|
|
|
| LEADER |
00000cam a2200000 7i4500 |
| 001 |
0000054744 |
| 005 |
20151222.0 |
| 008 |
151109 |
| 020 |
|
|
|a 9789670799131
|
| 090 |
0 |
0 |
|a JF NS
|b MAL
|
| 100 |
0 |
|
|a Disusun semula:Ws Uzala
|
| 245 |
1 |
0 |
|a Rumah dibawa kemana-mana
|
| 260 |
|
|
|a Selangor :
|b Eddiplex ,
|c 2015
|
| 490 |
0 |
|
|a Siri teka-teki tradisi lama
|
| 500 |
|
|
|a Children ages 7-9 years old (orange)
|
| 650 |
|
0 |
|a Didactic fiction&stories malay
|
| 999 |
|
|
|a 0001365632
|b Book
|c Children Collection
|e Cawangan Tmn. Ungku Tun Aminah
|
| 999 |
|
|
|a 0001365633
|b Book
|c Children Collection
|e Cawangan Batu Pahat
|
| 999 |
|
|
|a 0001365634
|b Book
|c Children Collection
|e Cawangan Tangkak
|
| 999 |
|
|
|a 0001365635
|b Book
|c Children Collection
|e Cawangan Muar
|
| 999 |
|
|
|a 0001365636
|b Book
|c Children Collection
|e Cawangan Pontian
|
| 999 |
|
|
|a 0001365637
|b Book
|c Children Collection
|e Cawangan Sri Merlong
|
| 999 |
|
|
|a 0001365638
|b Book
|c Children Collection
|e Cawangan Bukit Gambir
|
| 999 |
|
|
|a 0001365639
|b Book
|c Children Collection
|e Cawangan Kota Tinggi
|
| 999 |
|
|
|a 0001365640
|b Book
|c Children Collection
|e Cawangan Mersing
|
| 999 |
|
|
|a 0001365641
|b Book
|c Teenagers
|e Cawangan Bandar Tenggara
|
| 999 |
|
|
|a 0001365642
|b Book
|c Children Collection
|e Cawangan Bandar Penawar
|
| 999 |
|
|
|a 0001365643
|b Book
|c Children Collection
|e Cawangan Taman Universiti
|
| 999 |
|
|
|a 0001365644
|b Book
|c Children Collection
|e Cawangan Taman Sri Lambak
|
| 999 |
|
|
|a 0001365645
|b Book
|c Children Collection
|e Cawangan Segamat
|
| 999 |
|
|
|a 0001367071
|b Book
|c Children Collection
|e Cawangan Urban Transformation Centre
|